| 000 | 01155naa a2200289 4500 | ||
|---|---|---|---|
| 999 |
_c45021 _d45021 |
||
| 001 | 45021 | ||
| 003 | ES-MaCES | ||
| 005 | 20250207040010.0 | ||
| 008 | 000000s2014 sp ||||| t||||||| ||spa d | ||
| 040 |
_aES-MaCES _bspa _cES-MaCES |
||
| 100 | 1 |
_96981 _aBallester Pastor, Inmaculada |
|
| 245 | 1 | 0 |
_aInestabilidad e intermediación laboral desde 2010 a 2014: riesgos asumidos a costa de activar el empleo _cInmaculada Ballester Pastor |
| 504 | _aBibliografía: 175-176 | ||
| 650 | 4 |
_930171 _aempleo precario |
|
| 650 | 4 |
_929000 _aempleo temporal |
|
| 650 | 4 |
_929897 _amediación |
|
| 650 | 4 |
_927166 _alegislación del trabajo |
|
| 650 | 4 |
_929892 _areforma legislativa |
|
| 650 | 4 |
_acontrato de trabajo de duración determinada _930650 |
|
| 650 | 4 |
_930270 _afomento del empleo |
|
| 650 | 4 |
_929942 _ainserción profesional |
|
| 650 | 4 |
_932025 _a2010-2014 |
|
| 653 | 1 | 0 | _aEmpleo |
| 773 | 0 |
_981666 _dBarcelona Atelier [2014] _o084571 _tEl impacto de la gran crisis mundial sobre el Derecho del trabajo y de la Seguridad Social _w(ES-MaCES)44826 _z9788415690481 _gp. 157-176. - SG-2.0.-430 |
|
| 902 | _aARL Artículo de libro | ||
| 942 |
_2CES _cAR _h2.1. |
||